000 00595nam a2200241Ia 4500
003 OSt
005 20220912152149.0
006 a|||||r|||| 00| 0
007 ta
008 220909b |||||||| |||| 00| 0 eng d
024 _a57438
037 _cTextual
040 _aCSL
_beng
_cCSL
041 _aeng
082 _aLb:73:N5, H7
100 _aSteelman John R
245 0 _aNations's medical research:Report to the president
260 _c1947
300 _ap.
_ccm.
650 _aMedicine
942 _hLb:73:N5, H7
_cTEXL
_2CC
999 _c82266
_d82266